|
|
|
|
| LEADER |
00000nab a2200000 a 4500 |
| 001 |
vtls011131036 |
| 003 |
SK-MaSNL |
| 005 |
20260304013358.0 |
| 008 |
230218|2012 xo |||||||||||||||||slo| |
| 015 |
|
|
|a SNBRB
|
| 035 |
|
|
|a (uuid)670a3439-7ff7-4786-9989-3786c4616b3f
|
| 035 |
|
|
|a (urnnbn)urn:nbn:sk:snk:ar-a09kxj
|
| 035 |
|
|
|a urn:nbn:sk:snk-aba8rn
|
| 040 |
|
|
|a SNKBUCL
|b slo
|c SNKBUCL
|e AACR2
|
| 041 |
0 |
|
|a slo
|
| 044 |
|
|
|a xo
|c SK
|
| 100 |
1 |
|
|a Káčerová, Marcela,
|d 1981-
|4 aut
|9 249435
|
| 245 |
1 |
0 |
|a Nové štatistické metódy merania populačného starnutia
|c Marcela Káčerová, Jozef Mládek, Jana Ondačková
|
| 246 |
3 |
|
|a New statistical methods of population ageing measurement
|
| 700 |
1 |
|
|a Mládek, Jozef
|4 aut
|9 718161
|
| 700 |
1 |
|
|a Ondačková, Jana
|4 aut
|9 1294299
|
| 773 |
0 |
|
|t Forum statisticum Slovacum
|g Roč. 8, č. 3 (2012), s. 62-69
|
| 954 |
|
|
|a odborná, vedecká literatúra pôvodná (slovenská)
|2 lita
|
| 958 |
|
|
|a OND
|
| 958 |
|
|
|a EUIPO
|
| 958 |
|
|
|a article13
|
| 999 |
|
|
|c 2575581
|d 2577511
|